000 01966nam a2200325Ia 4500
999 _c36874
_d36874
001 2824
003 GE_BSU
005 20190610185527.0
008 181216s2011||||ge |||||||||||||| ||geo||
020 _a9789941035548
040 _cGE_BSU
041 _ageo
080 _a81'374.26:669=353.1=161.1=162.2=111=112.1=133.1 მ-59
245 _aმეტალურგიული ტერმინების ლექსიკონი :
_bტ. 2 : [ს - ჰ]. (ქართულ-რუსულ-უკრაინულ-ინგლისურ-გერმანულ-ფრანგული) : 2 ტომად /
_cსაქ. მეცნ. ეროვნ. აკად., რუსეთის მეცნ. აკად., უკრაინის მეცნ. ეროვნ. აკად., რუსეთის საბუნებისმეტყვ. მეცნ. აკად.
264 _aთბილისი :
_bგამ-ბა სტ. "ფორმა",
_c2011.
300 _a999 გვ.;
_b30 სმ.
504 _aბიბლიოგრ.: გვ. 995-997.
653 _aლექსიკონი
700 _aქაშაკაშვილი, გ.
_eრედაქტორი
_92334
700 _aბერიძე, მ.
_eრედაქტორი
_92335
700 _aგაგნიძე, ა.
_eრედაქტორი
_92336
700 _aგლადუში, ვ.
_eრედაქტორი
_92337
700 _aგობეჩია, ე. და სხვ.
_eრედაქტორო
_92346
710 _a საქ. მეცნ. ეროვნ. აკად.
_92347
710 _aრუსეთის მეცნ. აკად.
_92348
710 _aუკრაინის მეცნ. ეროვნ. აკად.
_92349
710 _aრუსეთის საბუნებისმეტყვ. მეცნ. აკად.
_92350
710 _aსტუ
_91151
942 _cBK
_2udc